Six sigma (Record no. 79847)
[ view plain ]
| 000 -LEADER | |
|---|---|
| fixed length control field | 00909cab a22001935a 4500 |
| 001 - CONTROL NUMBER | |
| control field | L142470 |
| 008 - FIXED-LENGTH DATA ELEMENTS--GENERAL INFORMATION | |
| fixed length control field | 080215s2007 xxkad f s 000 0 eng d |
| 035 ## - SYSTEM CONTROL NUMBER | |
| System control number | (Sirsi) u142470 |
| 041 0# - LANGUAGE CODE | |
| Language code of text/sound track or separate title | eng |
| 100 1# - MAIN ENTRY--PERSONAL NAME | |
| Personal name | McCarty, Thomas D. |
| 245 00 - TITLE STATEMENT | |
| Title | Six sigma |
| Remainder of title | it is not what you think |
| 260 ## - PUBLICATION, DISTRIBUTION, ETC. | |
| Date of publication, distribution, etc. | 2007 |
| 490 #0 - SERIES STATEMENT | |
| Series statement | Journal of Corporate Real Estate |
| Volume/sequential designation | 9(3) 2007, 187-196(10) |
| 520 ## - SUMMARY, ETC. | |
| Summary, etc. | Offers guidance on where the six sigma process, a business improvement system, should be applied to corporate real estate (CRE). Finds market leaders in CRE are looking at cost pressure and performance expectations using process improvement, and six sigma is the most popular method. Concludes that, correctly applied, six sigma can produce real benefits in service environments. |
| 651 #4 - SUBJECT ADDED ENTRY--GEOGRAPHIC NAME | |
| Geographic name | International |
| 690 ## - LOCAL SUBJECT ADDED ENTRY--TOPICAL TERM (OCLC, RLIN) | |
| Topical term or geographic name as entry element | MANAGEMENT-QUALITY MANAGEMENT-PERFORMANCE MEASUREMENT |
| 700 1# - ADDED ENTRY--PERSONAL NAME | |
| Personal name | Fisher, Sally A. |
| 942 ## - ADDED ENTRY ELEMENTS (KOHA) | |
| Suppress in OPAC | 0 |
| Withdrawn status | Lost status | Source of classification or shelving scheme | Damaged status | Not for loan | Home library | Current library | Shelving location | Date acquired | Total Checkouts | Full call number | Barcode | Date last seen | Copy number | Price effective from | Koha item type |
|---|---|---|---|---|---|---|---|---|---|---|---|---|---|---|---|
| Dewey Decimal Classification | London | London | Journal article | 15/02/2008 | L142470 | 142470-1001 | 06/08/2019 | 1 | 06/08/2019 | Journal article |